MUSAC : the building = (Record no. 236)

MARC details
000 -LEADER
campo de control de longitud fija 01318cam a2200325 a 4500
001 - NÚMERO DE CONTROL
campo de control 5434414
003 - IDENTIFICADOR DE NÚMERO DE CONTROL
campo de control ASDFGHJKL
005 - FECHA Y HORA DE LA ÚLTIMA TRANSACCIÓN
campo de control 20220326193256.0
008 - DATOS DE LONGITUD FIJA--INFORMACIÓN GENERAL
campo de control de longitud fija 050706s2004 sp ae 000 0 eng d
020 ## - NÚMERO INTERNACIONAL ESTÁNDAR DEL LIBRO
Número Internacional Estándar del Libro 8493232548
035 ## - NÚMERO DE CONTROL DEL SISTEMA
Número de control de sistema (OCoLC)ocm60815193
035 ## - NÚMERO DE CONTROL DEL SISTEMA
Número de control de sistema (NNC)5434414
040 ## - FUENTE DE CATALOGACIÓN
Centro catalogador/agencia de origen SISPL
Centro/agencia transcriptor SISPL
Centro/agencia modificador NNC
041 0# - CÓDIGO DE IDIOMA
Código de lengua del texto/banda sonora o título independiente engspa
082 ## - NÚMERO DE LA CLASIFICACIÓN DECIMAL DEWEY
Número de clasificación 727.6
Número de ítem M986m
245 00 - MENCIÓN DEL TÍTULO
Título MUSAC : the building =
Resto del título Museo de Arte Contemporáneo de Castilla y León : el edificio.
246 30 - FORMA VARIANTE DEL TITULO
Título propio/Titulo breve Museo de Arte Contemporáneo de Castilla y León : el edificio
246 3# - FORMA VARIANTE DEL TITULO
Título propio/Titulo breve MUSAC : Museo de Arte Contemporáneo de Castilla y León
260 ## - PUBLICACIÓN, DISTRIBUCIÓN, ETC.
Lugar de publicación, distribución, etc. Barcelona :
Nombre del editor, distribuidor, etc. MUSAC, Museo de Arte Contemporáneo de Castilla y León :
-- [distributed by ] Actar,
Fecha de publicación, distribución, etc. [2004].
300 ## - DESCRIPCIÓN FÍSICA
Extensión 144 p. :
Otras características físicas ill. (some col.), plans ;
Dimensiones 22 cm.
546 ## - NOTA DE IDIOMA
Nota de lengua/lenguaje English and Spanish.
610 20 - PUNTO DE ACCESO ADICIONAL DE MATERIA--NOMBRE DE ENTIDAD CORPORATIVA
Nombre de entidad corporativa o nombre de jurisdicción como elemento de entrada Museo de Arte Contemporáneo de Castilla y León.
9 (RLIN) 1100
610 20 - PUNTO DE ACCESO ADICIONAL DE MATERIA--NOMBRE DE ENTIDAD CORPORATIVA
Nombre de entidad corporativa o nombre de jurisdicción como elemento de entrada Mansilla + Tuñón Arquitectos.
9 (RLIN) 1101
650 #0 - PUNTO DE ACCESO ADICIONAL DE MATERIA--TÉRMINO DE MATERIA
Término de materia o nombre geográfico como elemento de entrada Museum architecture
Subdivisión general Design and construction.
9 (RLIN) 1102
650 #0 - PUNTO DE ACCESO ADICIONAL DE MATERIA--TÉRMINO DE MATERIA
Término de materia o nombre geográfico como elemento de entrada museos
Subdivisión general arquitectura-museo
-- Museo de Arte Contemporaneo de Castilla y Leon
9 (RLIN) 1103
650 #0 - PUNTO DE ACCESO ADICIONAL DE MATERIA--TÉRMINO DE MATERIA
Término de materia o nombre geográfico como elemento de entrada Art museum architecture
Subdivisión de forma Designs and plans.
9 (RLIN) 1104
710 2# - ENTRADA AGREGADA--NOMBRE DE ENTIDAD CORPORATIVA
Nombre de entidad corporativa o nombre de jurisdicción como elemento de entrada Museo de Arte Contemporáneo de Castilla y León.
9 (RLIN) 1105
948 1# - PROCESAMIENTO DE INFORMACIÓN LOCAL (OCLC); DESIGNADOR DE PARTE DE LA SERIE (RLIN)
Designador de la parte de la serie, SPT (RLIN) 20051018
b (OCLC) c
c (OCLC) fra1
d (OCLC) SCMC
Holdings
Estatus retirado Estado de pérdida Fuente del sistema de clasificación o colocación Estado de daño No para préstamo Biblioteca de origen Biblioteca actual Ubicación en estantería Fecha de adquisición Total de préstamos Signatura topográfica completa Código de barras Visto por última vez Precio de reemplazo Tipo de ítem Koha
    Clasificación Decimal Dewey     Biblioteca LadoV Biblioteca LadoV   16/06/2014   727.6 M986m 000242 16/06/2014 16/06/2014 Material 01